000 00619cam a22002053a 4500
001 45253
003 PGUSA
005 20140828084033.0
008 140329s2014||||xxu|||||s|||||000 | eng d
040 _aPGUSA
_beng
042 _adc
100 1 _aGaris, Howard Roger,
_d1873-1962
245 1 4 _aThe Curlytops at Sunset Beach :
_bWhat Was Found in the Sand
_h[electronic resource] /
_cHoward Roger Garis
260 _bProject Gutenberg,
_c2014
506 _aPublic domain in the USA.
516 _aElectronic text
830 0 _aProject Gutenberg
_v45253
856 4 0 _uhttp://www.gutenberg.org/ebooks/45253
942 _cEB
999 _c274504
_d274504